张若虚《春江花月夜》默写 - Statistics

General Stats
  • This quiz has been taken 240 times
  • The average score is 18 of 36
Answer Stats
答案 % Correct
海上明月共潮生
98%
春江潮水连海平
97%
滟滟随波千万里
79%
何处春江无月明
79%
月照花林皆似霰
71%
江流宛转绕芳甸
67%
江月何年初照人
62%
汀上白沙看不见
60%
空里流霜不觉飞
58%
江天一色无纤尘
57%
江畔何人初见月
57%
皎皎空中孤月轮
56%
人生代代无穷已
55%
江月年年望相似
54%
不知江月待何人
50%
但见长江送流水
50%
谁家今夜扁舟子
48%
白云一片去悠悠
45%
何处相思明月楼
45%
应照离人妆镜台
45%
青枫浦上不胜愁
44%
可怜楼上月裴回
44%
玉户帘中卷不去
43%
捣衣砧上拂还来
41%
愿逐月华流照君
40%
此时相望不相闻
37%
鱼龙潜跃水成文
37%
碣石潇湘无限路
37%
落月摇情满江树
37%
鸿雁长飞光不度
36%
可怜春半不还家
36%
江水流春去欲尽
36%
斜月沉沉藏海雾
36%
昨夜闲潭梦落花
35%
江潭落月复西斜
34%
不知乘月几人归
34%
No matching quizzes found
Score Distribution
Percent of People with Each Score
Percentile by Number Answered
Your Score History
You have not taken this quiz